| 000 | 006460000a22001930004500 | ||
|---|---|---|---|
| 020 | _a1-85075-065-3 | ||
| 082 | 0 | 4 | _aG 222.7 W7291e |
| 100 | 1 | _aWilliamson, H. G. M. | |
| 245 | 1 | 0 | _aEzra and Nehemiah / H. G. M. Williamson |
| 260 | _aSheffield, England : Sheffield Academic Press | ||
| 300 | _a104 páginas | ||
| 440 | 0 | _aOld Testament Guides / Edited by R. N. Whybray | |
| 500 | _aIncluye índices (p. 99-104) | ||
| 501 | _aRústico | ||
| 505 | 0 | 0 | _aLas fuentes - Composición y fecha - Historia - Teología |
| 650 | 1 | 4 | _aBiblia A.T. - Esdras - Comentarios \ Biblia A.T. - Nehemías - Comentarios \ Historia |
| 001 | 19884 | ||
| 942 | _cBK | ||
| 999 |
_c46241 _d46241 |
||